| 000 | 00708nam a2200181Ia 4500 | ||
|---|---|---|---|
| 008 | 090630s9999 xx 000 0 und d | ||
| 082 | _b12617 | ||
| 100 | _aजोंधळे महावीर. | ||
| 245 |
_aनाल नसलेल्या घोडयाचा मालक. _cजोंधळे महावीर. |
||
| 260 | _bअनुपम. | ||
| 300 | _a100 | ||
| 600 | _aजोंधळे महावीर. | ||
| 630 | _aनाल नसलेल्या घोडयाचा मालक. | ||
| 655 | _aलघुकथा. | ||
| 700 | _aजोंधळे महावीर. | ||
| 730 | _aनाल नसलेल्या घोडयाचा मालक. | ||
| 942 | _cBOOK | ||
| 999 |
_c264473 _d264473 |
||